| 000 | 00616nam a2200193Ia 4500 | ||
|---|---|---|---|
| 003 | GCL | ||
| 008 | 140319s9999 xx 000 0 ara d | ||
| 040 |
_aGCL / _cGCL |
||
| 082 | 0 | 4 |
_a814.008 _bع و |
| 100 | 1 | _aعلى حافظ | |
| 245 | 1 | 0 |
_aوادى الصدق او غاية المعرفة / _cعلى حافظ |
| 300 | _a94 ص | ||
| 490 |
_aالهيئة العامة للاستعلامات _v0 |
||
| 650 | 0 | 4 | _aالادب العربى |
| 650 | 0 | 4 | _aالمقالات العربية |
| 650 | 0 | 4 | _aالادب العربى - مجموعات |
| 650 | 0 | 4 | _aالمقالات العربية - مصر |
| 942 |
_2ddc _cBK |
||
| 999 |
_c50507 _d50507 |
||